La juventud frente al futuro de Chile, 1985: año international de la juventud
Guardat en:
| Format: | Llibre |
|---|---|
| Idioma: | espanyol |
| Publicat: |
Santiago
CINDE
1985
|
| Matèries: | |
| Etiquetes: |
Afegir etiqueta
Sense etiquetes, Sigues el primer a etiquetar aquest registre!
|
MARC
| LEADER | 00000nam a2200000 a 4500 | ||
|---|---|---|---|
| 001 | UCO8284 | ||
| 003 | CL-VaPUC | ||
| 005 | 20210624001307.0 | ||
| 008 | 001201e19850000cl 1 spa d | ||
| 082 | 0 | 4 | |a 338.983 |b JUV |9 606541 |2 21 |
| 245 | 1 | 3 | |a La juventud frente al futuro de Chile, 1985: año international de la juventud |
| 260 | |a Santiago |b CINDE |c 1985 | ||
| 300 | |a 99 p | ||
| 500 | |a Donación del profesor Manfred Wilhelmy von Wolff | ||
| 583 | |a last modification |c 20190821 11:34:36 |k Rodrigo Vera | ||
| 650 | 0 | 0 | |a Jóvenes |9 326981 |
| 650 | 0 | 0 | |a Desarrollo económico y social |9 256320 |
| 650 | 0 | 7 | |a DESARROLLO EDUCACIONAL |2 CL-VaPUC |9 338398 |
| 650 | 0 | 7 | |a DESARROLLO TECNOLOGICO |2 CL-VaPUC |9 259800 |
| 650 | 0 | 0 | |a Desarrollo cultural |9 267526 |
| 651 | 7 | |a CHILE |2 CL-VaPUC |9 619848 | |
| 942 | |c BK | ||
| 945 | |a crobeson |d 20001201 00:00:00 | ||
| 546 | |a En Español | ||
| 536 | |a CINDE | ||
| 518 | |p La Juventud Frente al Futuro de Chile, 1, Santiago, 114 y 15 de noviembre de 1985 | ||
| 999 | |c 383620 |d 383618 | ||
| 952 | |0 0 |1 0 |4 0 |6 338_983000000000000_JUV |7 0 |8 A |9 505803 |a BIBHIS |b BIBHIS |d 2020-01-23 |i 123630K |o 338.983 JUV |p 123630K |r 2025-01-20 |w 2020-01-23 |y BK |k HIS | ||